Fast Typing Colors Of The Rainbow - Statistics

General Stats
  • This quiz has been taken 3,868 times
  • The average score is 6 of 7
Answer Stats
Hint Answer % Correct
1. Red
99%
5. Blue
92%
3. Yellow
91%
4. Green
90%
2. Orange
89%
7. Violet
61%
6. Indigo
59%
No matching quizzes found
Score Distribution
Percent of People with Each Score
Percentile by Number Answered
Your Score History
You have not taken this quiz